000 01188cam a2200325 i 4500
001 24511
003 Mx-PuUPA
005 20250623125811.0
008 140415s2017 mx ad gr 000 0 spa d
020 _a9786073240000
040 _cMx-PuUPA
_aMx-PuUPA
_bspa
_dMx-PuUPA
_erda
041 0 _aspa
043 _acl-----
245 1 0 _aAdministración :
_bun enfoque latinoamericano México-Brasil /
_cEmigdio Larios Gómez, Antonio Carlos Giuliani
250 _aPrimera edición
264 1 _aCiudad de México :
_bPearson Educación de México,
_c2017
300 _axiii, 355 páginas :
_bilustraciones, gráficas,diagramas, tablas ;
_c26 cm
336 _2rdacontent
_atexto
_btxt
337 _2rdamedia
_asin medio
_bn
338 _2rdacarrier
_avolumen
_bnc
650 7 _2armarc
_aAdministración de empresas
_zAmérica Latina
650 7 _2armarc
_aMercado
650 7 _2armarc
_aLibros electrónicos
700 1 _aLarios Gómez, Emigdio,
_eautor
_917211
700 1 _aGiulisni, Antonio Carlos,
_eautor
942 _2ddc
_cLI
_h658
_iA23
999 _c24511
_d24511